By the King. A proclamation concerning His Majesties gracious pardon, in pursuance to His Majesties former declaration.

Bibliographic Details
Corporate Author: England and Wales. Sovereign (1660-1685 : Charles II)
Other Authors: Charles II, King of England, 1630-1685
Format: eBook
Language:English
Series:Making of the modern world (Goldsmiths'-Kress Library of Economic Literature)
Subjects:
Online Access:Connect to the full text of this electronic book

MARC

Tag First Indicator Second Indicator Subfields
LEADER 00000cam a2200000La 4500
001 in00002286355
005 20190326195320.0
006 m | d |
007 cr |n||||||||n
008 870528s1660 enk s f000 0 eng d
040 |a GKS  |c GKS  |d OCL  |d OCLCQ  |d Thomson Gale  |d UtOrBLW 
043 |a e-uk--- 
110 1 |a England and Wales.  |b Sovereign (1660-1685 : Charles II) 
245 1 0 |a By the King. A proclamation concerning His Majesties gracious pardon, in pursuance to His Majesties former declaration. 
264 3 |a London :  |b Printed by John Bill and Christopher Barker ...,  |c 1660. 
300 |a 1 broadside. 
336 |a text  |b txt  |2 rdacontent 
337 |a computer  |b c  |2 rdamedia 
338 |a online resource  |b cr  |2 rdacarrier 
500 |a Proclaimed on June 15, 1660. 
500 |a Reproduction of original from Goldsmiths' Library, University of London. 
500 |a Goldsmiths'-Kress number 01551. 
510 4 |a Wing  |c C3254. 
510 4 |a OCLC,  |c 20888841 
533 |a Electronic reproduction.  |b Farmington Hills, Mich. :  |c Thomson Gale,  |d 2005.  |f (The making of the modern world).  |n Available via the World Wide Web.  |n Access limited to licensing agreements.  |7 s2005 miunns 
500 |a Electronic resource. 
650 0 |a Amnesty  |z Great Britain  |v Early works to 1800. 
651 0 |a Great Britain  |x History  |y Charles II, 1660-1685. 
655 0 |a Electronic books. 
700 0 |a Charles  |b II,  |c King of England,  |d 1630-1685. 
740 0 |a Proclamation concerning His Majesties gracious pardon in pursuance of His Majesties former declaration. 
830 0 |a Making of the modern world (Goldsmiths'-Kress Library of Economic Literature) 
856 4 0 |u http://proxy.library.tamu.edu/login?url=http://galenet.galegroup.com/servlet/MOME?af=RN&ae=U100184829&srchtp=a&ste=14&locID=txshracd2898  |z Connect to the full text of this electronic book  |t 0 
999 |a MARS 
999 f f |s aad587a3-1f1b-377c-a092-e95e45805986  |i 8c17e910-5040-39cc-8579-53622488b9d7  |t 0 
952 f f |a Texas A&M University  |b College Station  |c Electronic Resources  |d Available Online  |t 0  |h No information provided 
998 f f |t 0  |l Available Online